E-business and e-commerce management : strategy, implementation, and practice

Saved in:
Bibliographic Details
Main Author: Chaffey, Dave
Format: Book
Published: Harlow: Pearson Education, c2007.
Edition:5th ed.
Subjects:
Tags: Add Tag
No Tags, Be the first to tag this record!

MARC

LEADER 00000nam a2200000 4500
020 |a 9789332511170  |c Tzs 134891/= 
040 |a MUL  |b eng  |e AACR 
082 |a 658.872 CHA 
100 |a  Chaffey, Dave 
245 |a E-business and e-commerce management : strategy,   |b implementation, and practice  |c / Dave Chaffey 
250 |a 5th ed. 
260 |a Harlow:  |b Pearson Education,   |c c2007. 
300 |a  xxviii, 663 pages :   |b color illustrations ;  |c  27 cm 
504 |a Includes references and index 
650 |a Electronic commerce 
650 |a Business enterprises--Computer networks 
650 |a Internet service providers 
942 |c BK 
999 |c 6326  |d 6326